[Event "GER-chT Betriebe 15th"]
[Site "Munich"]
[Date "2015.10.25"]
[Round "7.4"]
[White "Rosenberger, Josef"]
[Black "Binnewies, Markus"]
[Result "1-0"]
[WhiteElo "1596"]
[BlackElo "1605"]
[PlyCount "65"]
[EventDate "2015.10.22"]
[EventType "team-swiss"]
[EventRounds "7"]
[EventCountry "GER"]
[SourceTitle "EXT 2020"]
[Source "ChessBase"]
[SourceDate "2019.10.17"]
[SourceVersion "1"]
[SourceVersionDate "2019.10.17"]
[SourceQuality "1"]
[WhiteTeam "Fiducia IT"]
[BlackTeam "Halle/Saale IPM"]
[WhiteTeamCountry "GER"]
[BlackTeamCountry "GER"]

1. d4 Nf6 2. c4 d6 3. Nc3 Nbd7 4. Nf3 e5 5. e4 a6 6. Bg5 Be7 7. Be2 c6 8. d5 c5 9. 0-0 0-0 10. h3 Kh8 11. Nd2 Ng8 12. Be3 g6 13. f4 f5 14. exf5 gxf5 15. fxe5 dxe5 16. Nb3 Bd6 17. Qe1 b6 18. Bf2 Qe8 19. Bh4 Ndf6 20. Qg3 Ra7 21. Rae1 Rg7 22. Qf2 f4 23. Bd3 Bxh3 24. Bxf6 Nxf6 25. Qh4 Bxg2 26. Kf2 e4 27. Rg1 f3 28. Nxe4 Nxe4+ 29. Rxe4 Bg3+ 30. Qxg3 Rxg3 31. Rxe8 Rxe8 32. Kxg3 Re3 33. Bf1 1-0